| 000 | 00544nam a2200169 i 4500 | ||
|---|---|---|---|
| 001 | 147528 | ||
| 003 | ES-MaACL | ||
| 005 | 20230906202049.0 | ||
| 007 | t| | ||
| 008 | 071002q1963 sp ||||1| spa d | ||
| 110 | 2 |
_aUniversidad Católica de Deusto. _97079 |
|
| 245 | 1 | 0 |
_aLa pequeña y mediana empresa ante el Mercado Común Simposium _b: Boletín de Estudios Económicos. |
| 260 |
_aBilbao : _bDeusto, _c[1963] |
||
| 300 |
_a249 p. ; _c24 cm. |
||
| 710 | 2 |
_aBoletín de Estudios Económicos. _92227 |
|
| 852 |
_aES-MaACL _jC-23839 _bR.52854 |
||
| 999 |
_c147528 _d147528 |
||